<?xml version="1.0" encoding="UTF-8"?>
<record
    xmlns:xsi="http://www.w3.org/2001/XMLSchema-instance"
    xsi:schemaLocation="http://www.loc.gov/MARC21/slim http://www.loc.gov/standards/marcxml/schema/MARC21slim.xsd"
    xmlns="http://www.loc.gov/MARC21/slim">

  <leader>01384nam a22003137a 4500</leader>
  <controlfield tag="003">OSt</controlfield>
  <controlfield tag="005">20240628134436.0</controlfield>
  <controlfield tag="008">240207t2011    sp     dr     000 fdspa d</controlfield>
  <datafield tag="020" ind1=" " ind2=" ">
    <subfield code="a">9788408004714</subfield>
  </datafield>
  <datafield tag="037" ind1=" " ind2=" ">
    <subfield code="3">Donaci&#xF3;n</subfield>
  </datafield>
  <datafield tag="040" ind1=" " ind2=" ">
    <subfield code="a">CO-JMCR</subfield>
    <subfield code="c">CO-JMCR</subfield>
    <subfield code="d">CO-JMCR</subfield>
    <subfield code="e">rda</subfield>
  </datafield>
  <datafield tag="041" ind1="1" ind2=" ">
    <subfield code="a">spa</subfield>
    <subfield code="d">eng</subfield>
  </datafield>
  <datafield tag="082" ind1="0" ind2="4">
    <subfield code="a">J-N</subfield>
    <subfield code="b">HAWd</subfield>
  </datafield>
  <datafield tag="100" ind1=" " ind2=" ">
    <subfield code="a">Hawkins, Rachel, </subfield>
    <subfield code="d">1979-</subfield>
    <subfield code="9">43207</subfield>
    <subfield code="e">autor</subfield>
  </datafield>
  <datafield tag="245" ind1="1" ind2=" ">
    <subfield code="a">Desaf&#xED;o / </subfield>
    <subfield code="c">Rachel Hawkins</subfield>
  </datafield>
  <datafield tag="246" ind1=" " ind2=" ">
    <subfield code="a">Hex Hall. Demonglass</subfield>
  </datafield>
  <datafield tag="260" ind1=" " ind2=" ">
    <subfield code="a">Barcelona :</subfield>
    <subfield code="b">Destino ; </subfield>
    <subfield code="c">&#xA9;2011</subfield>
  </datafield>
  <datafield tag="300" ind1=" " ind2=" ">
    <subfield code="a">274 paginas ; </subfield>
    <subfield code="c">23 cm.</subfield>
  </datafield>
  <datafield tag="490" ind1=" " ind2=" ">
    <subfield code="a">Hex Hall</subfield>
  </datafield>
  <datafield tag="500" ind1=" " ind2=" ">
    <subfield code="a">Incluye recomendaciones de otras sagas de la editorial Destino</subfield>
  </datafield>
  <datafield tag="500" ind1=" " ind2=" ">
    <subfield code="a">Incluye informaci&#xF3;n de la autora</subfield>
  </datafield>
  <datafield tag="520" ind1=" " ind2=" ">
    <subfield code="a">Creo que marcharme a Londres para someterme a la Extracci&#xF3;n no ha sido una buena idea. &#xED;Yo solamente quer&#xED;a que me quitaran los est&#xFA;pidos poderes que tengo! Pero aqu&#xED; parece que todo se est&#xE1; complicando: descubro que en el mundo existen m&#xE1;s demonios aparte de mi padre y yo, El Ojo insiste en matarme y debo decidirme por Cal, mi prometido, o Archer, mi... &#xBF;enemigo?'</subfield>
  </datafield>
  <datafield tag="521" ind1=" " ind2=" ">
    <subfield code="a">Para mayores de 13 a&#xF1;os.</subfield>
  </datafield>
  <datafield tag="650" ind1="1" ind2="4">
    <subfield code="2">JMCR</subfield>
    <subfield code="a">Literatura juvenil</subfield>
    <subfield code="x">Magia en la literatura</subfield>
    <subfield code="z">Espa&#xF1;a</subfield>
    <subfield code="9">43208</subfield>
  </datafield>
  <datafield tag="650" ind1="2" ind2="4">
    <subfield code="v">Novela Juvenil</subfield>
    <subfield code="x">Fantas&#xED;a</subfield>
    <subfield code="9">43209</subfield>
  </datafield>
  <datafield tag="650" ind1="3" ind2="4">
    <subfield code="2">JMCR</subfield>
    <subfield code="a">Jovenes</subfield>
    <subfield code="v">Poderes</subfield>
    <subfield code="9">43755</subfield>
  </datafield>
  <datafield tag="700" ind1=" " ind2=" ">
    <subfield code="a">Castellanos Arfelis, Ariadna, </subfield>
    <subfield code="e">Traductora</subfield>
    <subfield code="9">43210</subfield>
  </datafield>
  <datafield tag="942" ind1=" " ind2=" ">
    <subfield code="2">ddc</subfield>
    <subfield code="c">BK</subfield>
  </datafield>
  <datafield tag="999" ind1=" " ind2=" ">
    <subfield code="c">30513</subfield>
    <subfield code="d">16897</subfield>
  </datafield>
  <datafield tag="952" ind1=" " ind2=" ">
    <subfield code="0">0</subfield>
    <subfield code="1">0</subfield>
    <subfield code="4">0</subfield>
    <subfield code="7">0</subfield>
    <subfield code="a">CPL</subfield>
    <subfield code="b">CPL</subfield>
    <subfield code="c">FIC</subfield>
    <subfield code="d">2023-12-15</subfield>
    <subfield code="e">Donaci&#xF3;n</subfield>
    <subfield code="l">2</subfield>
    <subfield code="o">J-N HAWd</subfield>
    <subfield code="p">201812138</subfield>
    <subfield code="r">2025-08-11 14:37:08</subfield>
    <subfield code="s">2025-08-08</subfield>
    <subfield code="t">EJ.1</subfield>
    <subfield code="w">2024-02-07</subfield>
    <subfield code="y">BK</subfield>
  </datafield>
</record>
